000 00412nam a2200181Ia 4500
001 4096
005 20260306145730.0
008 260306t2000||||xx |||||||||||||| ||spa||
041 _aESP
082 _a306.85
_bH12 Nº 68
100 _aAguiló, Alfonso
_eAUT
245 0 _aLa tolerancia
260 _c2000
300 _a271 páginas :
_c19 cm.
650 _aGEN
654 _aCED
942 _cLIB
_dJUS
_fJUS
_2ddc
_n
999 _c4096
_d4096